La france regionale /
Guardado en:
| Formato: | Libro |
|---|---|
| Publicado: |
Francia :
Hachette-larousse,
1972
|
| Materias: | |
| Etiquetas: |
Agregar Etiqueta
Sin Etiquetas, Sea el primero en etiquetar este registro!
|
| LEADER | 00443nam a22001575a 4500 | ||
|---|---|---|---|
| 001 | CEM.cems003128 | ||
| 005 | 19000101000000.0 | ||
| 008 | 130507s1972##################000#0#####d | ||
| 003 | CEMS | ||
| 082 | 0 | 4 | |a 440.5 |
| 245 | 0 | 0 | |a La france regionale / |c Hachette Larousse Ed. |
| 260 | |a Francia : |b Hachette-larousse, |c 1972 | ||
| 300 | |a 110 p. | ||
| 653 | |a Frances | ||
| 653 | |a Frances-textos | ||
| 859 | |a CEMS |b BIB. CEMS - 11 de abril |h 440.5 |i F844-93 |p 12391.83 |t Ej.1 | ||
